Prácticas de entonación y solfeo / (Record no. 45865)

MARC details
000 -CABECERA
campo de control de longitud fija 00578nam a2200205 a 4500
005 - FECHA Y HORA DE LA ÚLTIMA TRANSACCIÓN
campo de control 20240702063803.0
008 - ELEMENTOS DE LONGITUD FIJA--INFORMACIÓN GENERAL
campo de control de longitud fija 991125s1957 mx 000 0 spa u
035 ## - NÚMERO DE CONTROL DEL SISTEMA
Número de control de sistema UPN01000045865
049 ## - COLECCIÓN
Colección LT
050 #4 - SIGNATURA TOPOGRÁFICA DE LA BIBLIOTECA DEL CONGRESO
Número de clasificación LB1683 M6.2
Número de documento/Ítem O7.6
100 1# - ASIENTO PRINCIPAL--NOMBRE PERSONAL
Nombre de persona Orta V., Guillermo
245 10 - MENCIÓN DE TÍTULO
Título Prácticas de entonación y solfeo /
Mención de responsabilidad, etc. Guillermo Orta V.
260 ## - PUBLICACIÓN, DISTRIBUCIÓN, ETC.
Lugar de publicación, distribución, etc. México :
Nombre del editor, distribuidor, etc. Olimpo,
Fecha de publicación, distribución, etc. 1957.
300 ## - DESCRIPCIÓN FÍSICA
Extensión 45 p.
500 ## - NOTA GENERAL
Nota general "Segunda serie"
500 ## - NOTA GENERAL
Nota general "Para la clase de cultura musical"
650 #4 - ASIENTO SECUNDARIO DE MATERIA - TERMINO TEMATICO
Término de materia o nombre geográfico como elemento de entrada Música
Subdivisión general Estudio y enseñanza
9 (RLIN) 174
650 #4 - ASIENTO SECUNDARIO DE MATERIA - TERMINO TEMATICO
Término de materia o nombre geográfico como elemento de entrada Solfeo
9 (RLIN) 23613
905 ## - TIPO DE MATERIAL
Tipo de material Libro
Holdings
Estado de retiro Estado de pérdida Fuente del sistema de clasificación o colocación Estado dañado No para préstamo Código de colección Localización permanente Ubicación/localización actual Ubicación en estantería Fecha de adquisición Clasificación Código de barras Fecha visto por última vez Número de copia Tipo de ítem Koha
    Library of Congress Classification   Disponible (Préstamo en sala) Libros de texto Bib. Gregorio Torres Quintero Bib. Gregorio Torres Quintero Colecciones especiales Planta alta 25/05/2023 LB1683 M6.2 O7.6 125711 31/12/2020 1 Libro